000 00593nam a2200169Ia 4500
003 GCL
008 140319s9999 xx 000 0 ara d
040 _aGCL /
_cGCL
082 0 4 _a910.02
_bح.ج
100 1 _aجودة حسنين جودة
245 1 0 _aالجغرافية الطبيعية للزمن الرابع: والعصر المطير فى الصحارى الاسلامية /
_cجودة حسنين جودة
260 _a[S.N] :
_bدار المعرفة الجامعية ،
_c1991
300 _a272 ص
490 _a
650 0 4 _aالجغرافيا الطبيعية
942 _2ddc
_cBK
999 _c50869
_d50869